Normal view
MARC view
- Moberly, Frederick James
Entry Personal Name
001 - CONTROL NUMBER
- control field: 106034
003 - CONTROL NUMBER IDENTIFIER
- control field: NUST
005 - DATE AND TIME OF LATEST TRANSACTION
- control field: 20221227124045.0
008 - FIXED-LENGTH DATA ELEMENTS
- fixed length control field: 221227|| aca||aabn | a|a d
040 ## - CATALOGING SOURCE
- Original cataloging agency: NUST
- Transcribing agency: NUST
100 ## - HEADING--PERSONAL NAME
- Personal name: Moberly, Frederick James
670 ## - SOURCE DATA FOUND
- Source citation: Work cat.: (NUST)185743: Moberly, Frederick James, The campaign in Mesopotamia 1914-1918 /, c1923- re-1927
